Stations de la ligne T5 du tramway francilien sur une carte - Statistiques

Statistiques générales
  • Ce quiz a été pris 73 fois
  • Le résultat moyen est 11 sur 16
Réponses sur la Carte
Les réponses sont colorées sur une échelle allant du rouge au vert en fonction du pourcentage des utilisateurs qui les ont devinées à leur premier essai. Vous pouvez retrouver ces pourcentages ci-dessous.
 
Statistiques - réponses
Arrêt % Correct
Marché de Saint-Denis
98%
Garges - Sarcelles
96%
Mairie de Pierrefitte
88%
Les Flanades
80%
Petit Pierrefitte
80%
Guynemer - Stade Auguste Delaune
70%
Suzanne Valadon
70%
Baudelaire
68%
Butte Pinson - Parc Régional
68%
Les Cholettes
64%
Lochères
64%
Alcide d'Orbigny
62%
Joncherolles
62%
Paul Valéry
62%
Jacques Prévert
58%
Roger Sémat
58%
Aucun quiz correspondant
Distribution des résultats
% des personnes avec chaque résultat
Percentile par nombre de réponses
Votre historique - résultats
Vous n’avez pas pris ce quiz